20 hadith for kids / (Record no. 12962)
[ view plain ]
| 000 -LEADER | |
|---|---|
| fixed length control field | 00662nam a2200241 a 4500 |
| 001 - CONTROL NUMBER | |
| JCCL Control Number | 12962 |
| 003 - CONTROL NUMBER IDENTIFIER | |
| JCCL marc code | BD-JhCC |
| 005 - DATE AND TIME OF LATEST TRANSACTION | |
| control field | 20230606193811.0 |
| 008 - FIXED-LENGTH DATA ELEMENTS--GENERAL INFORMATION | |
| fixed length control field | 230606s2012 su a|||| |||| 000 0 mul d |
| 020 ## - INTERNATIONAL STANDARD BOOK NUMBER | |
| International Standard Book Number | 97896035002103 |
| 035 ## - SYSTEM CONTROL NUMBER | |
| system control number | (BD-JhCC)12962 |
| 040 ## - CATALOGING SOURCE | |
| Original cataloging agency | BD-JhCC |
| Modifying agency | BD-JhCC |
| 041 ## - LANGUAGE CODE | |
| Language code of Book | eng |
| -- | Arabic |
| 082 ## - DEWEY DECIMAL CLASSIFICATION NUMBER | |
| Classification number | 297.7082 |
| Author mark and Year | ABD 2012 |
| 100 ## - MAIN ENTRY--PERSONAL NAME | |
| Personal name | Abdul Aziz, Moulavi |
| 245 ## - TITLE STATEMENT | |
| Title | 20 hadith for kids / |
| Statement of responsibility, etc | Moulavi Abdul Aziz |
| 260 ## - PUBLICATION, DISTRIBUTION, ETC. (IMPRINT) | |
| Place of publication, distribution, etc | Riyadh : |
| Name of publisher, distributor, etc | Darussalam, |
| Date of publication, distribution, etc | 2012 |
| 300 ## - PHYSICAL DESCRIPTION | |
| Pagination | 64 p. : |
| Other physical details | color page; |
| Dimensions | 22 cm. |
| 650 ## - SUBJECT ADDED ENTRY--TOPICAL TERM | |
| Topical term or geographic name as entry element | Islamic religious education of children |
| 650 ## - SUBJECT ADDED ENTRY--TOPICAL TERM | |
| Topical term or geographic name as entry element | Paryer |
| Form subdivision | Islam |
| 650 ## - SUBJECT ADDED ENTRY--TOPICAL TERM | |
| Topical term or geographic name as entry element | Juvenile literature |
| 942 ## - ADDED ENTRY ELEMENTS (KOHA) | |
| Source of classification or shelving scheme | Dewey Decimal Classification |
| Koha item type | Books |
| Source of classification or shelving scheme | Damaged status | Not for loan | Home library | Current library | Shelving location | Date of accession | Cost, normal purchase price | Total Checkouts | Full call number | Barcode | Date last seen | Copy number | Method of acquisition | Koha item type | Currency |
|---|---|---|---|---|---|---|---|---|---|---|---|---|---|---|---|
| Dewey Decimal Classification | JCC Rouf Library | JCC Rouf Library | General Stacks | 06/06/2023 | 384.00 | 297.7082 ABD 2012 | 18130 | 06/06/2023 | C-1 | Purchase | Books | BDT |